|
|
|
|
| LEADER |
00768nam a2200193 a 4500 |
| 001 |
GR-MES199 |
| 008 |
991111s gr 000 b eng d |
| 020 |
|
|
|a 3923880952
|
| 040 |
|
|
|a GrPaTEI
|b gre
|c GR-PaULI
|
| 245 |
0 |
4 |
|a The discus-"King of the aquarium" :
|b A reference book for the discus lover.
|
| 260 |
|
|
|a New Jersey :
|b Tetra,
|c v1986
|
| 300 |
|
|
|a 103σελ. :
|b εικ.,πιν.
|
| 650 |
|
0 |
|a Iχθυοκαλλιέργειες-Ενυδρεία
|
| 700 |
1 |
|
|a Degen, Bernd
|
| 710 |
0 |
|
|a Tetra
|
| 942 |
|
|
|2 ddc
|
| 952 |
|
|
|0 0
|1 0
|2 ddc
|4 0
|6 639_340000000000000_DEG
|7 0
|9 263464
|a MSLG
|b MSLG
|c BSC
|d 2021-01-17
|e 24
|f 0
|g 0.00
|l 0
|o 639.34 DEG
|p 2420000003833
|r 2021-01-17 00:00:00
|t 1
|w 2021-01-17
|y BK15
|x 19991111 0 1
|x GrPaTEI
|
| 971 |
|
|
|a .b25712408
|b 15-04-20
|c 13-09-16
|
| 999 |
|
|
|c 151658
|d 151658
|